[Event "12th American Continental"]
[Site "Medellin COL"]
[Date "2017.06.18"]
[Round "11.9"]
[White "Peralta, Fernando"]
[Black "Barrientos Chavarriaga, Sergio"]
[Result "1/2-1/2"]
[WhiteElo "2569"]
[BlackElo "2463"]
[EventDate "2017.06.10"]
[PlyCount "99"]

1.d4 Nf6 2.c4 e6 3.Nc3 Bb4 4.e3 O-O 5.Bd3 c5 6.Nf3 d6 7.O-O h6 8.Bd2 Nc6 
9.a3 Ba5 10.Qc2 Qe7 11.Rfe1 Re8 12.Rad1 b6 13.h3 Bxc3 14.Bxc3 e5 15.d5 Nb8
16.Nd2 Nbd7 17.f3 a6 18.b3 Rb8 19.Rb1 b5 20.Ba5 Nf8 21.Nf1 Bd7 22.Ng3 Rb7 
23.Bc3 h5 24.f4 e4 25.Be2 h4 26.Nh1 Reb8 27.Nf2 Bf5 28.Kh2 Ng6 29.Bg4 
Nxg4+ 30.hxg4 Bd7 31.Rbc1 f5 32.gxf5 Bxf5 33.Qe2 bxc4 34.bxc4 Rb3 35.Qh5 
Rf8 36.g4 hxg3+ 37.Kxg3 Ne5 38.fxe5 Rxc3 39.e6 Qf6 40.Rxc3 Bg6 41.Qe2 Qxc3
42.Ng4 Rf3+ 43.Kh2 Bh5 44.Rg1 Bxg4 45.Rxg4 Rxe3 46.Rxg7+ Kxg7 47.Qg4+ Kf6 
48.Qf4+ Kg6 49.Qg4+ Kh6 50.Qh4+ 1/2-1/2

[Event "12th American Continental"]
[Site "Medellin COL"]
[Date "2017.06.18"]
[Round "11.10"]
[White "Mendoza Vega, Rafael"]
[Black "Shabalov, Alexander"]
[Result "1/2-1/2"]
[WhiteElo "2293"]
[BlackElo "2556"]
[EventDate "2017.06.10"]
[PlyCount "86"]

1.e4 c5 2.Nf3 d6 3.d4 cxd4 4.Nxd4 Nf6 5.Nc3 g6 6.g3 Nc6 7.Bg2 Nxd4 8.Qxd4 
Bg7 9.h3 O-O 10.Qd1 Be6 11.O-O Rc8 12.Nd5 b5 13.c3 a5 14.Re1 Nd7 15.Qe2 
Rb8 16.Bg5 Re8 17.Rad1 b4 18.cxb4 axb4 19.b3 Kf8 20.Rc1 Qa5 21.Be3 Bxd5 
22.exd5 Bc3 23.Red1 Nf6 24.Rc2 Rbc8 25.Qd3 Rc7 26.Rdc1 Rec8 27.Kh2 Nd7 28.
Qe2 Nf6 29.Qd3 h5 30.Kg1 Be5 31.Rxc7 Rxc7 32.Rxc7 Qxc7 33.Qc4 Qxc4 34.bxc4
Nd7 35.Kf1 Bc3 36.f4 Ke8 37.Ke2 Kd8 38.Bf3 Kc7 39.g4 hxg4 40.hxg4 Nc5 41.
Bxc5 dxc5 42.Kd3 Bb2 43.Ke4 Kd6 1/2-1/2

[Event "12th American Continental"]
[Site "Medellin COL"]
[Date "2017.06.18"]
[Round "11.14"]
[White "Valderrama Quiceno, Esteban"]
[Black "Garcia Pantoja, Roberto"]
[Result "1/2-1/2"]
[WhiteElo "2413"]
[BlackElo "2500"]
[EventDate "2017.06.10"]
[PlyCount "88"]

1.Nf3 d5 2.g3 Nf6 3.Bg2 e6 4.O-O Be7 5.c4 O-O 6.d4 dxc4 7.Ne5 Qd6 8.Nxc4 
Qa6 9.Qb3 Nc6 10.e3 b5 11.Nca3 Rb8 12.Bd2 Bd7 13.Rc1 Rfc8 14.Qd3 Qb6 15.
Be1 Nb4 16.Bxb4 Bxb4 17.Nc2 Bd6 18.b4 e5 19.Nd2 exd4 20.exd4 Bc6 21.Bxc6 
Qxc6 22.a3 Re8 23.Ne3 Qd7 24.Kg2 g6 25.Qc2 Ra8 26.Nb3 Ng4 27.Re1 Nxe3+ 28.
fxe3 f5 29.Na5 a6 30.Rac1 Re4 31.Qc6 Qxc6 32.Rxc6 Rae8 33.Nb7 Rxe3 34.Rxe3
Rxe3 35.Nxd6 cxd6 36.Rxa6 Kf7 37.Rxd6 Rxa3 38.Rb6 Rd3 39.Rxb5 Rd2+ 40.Kg1 
Kf6 41.Rb7 h5 42.Rb6+ Kf7 43.Rb7+ Ke6 44.Rb6+ Kf7 1/2-1/2

[Event "12th American Continental"]
[Site "Medellin COL"]
[Date "2017.06.18"]
[Round "11.16"]
[White "Valdes Romero, Leonardo"]
[Black "Ortiz Suarez, Isan Reynaldo"]
[Result "1/2-1/2"]
[WhiteElo "2407"]
[BlackElo "2570"]
[EventDate "2017.06.10"]
[PlyCount "20"]

1.Nf3 Nf6 2.g3 b6 3.Bg2 Bb7 4.O-O c5 5.c4 g6 6.Nc3 Bg7 7.d4 cxd4 8.Qxd4 
O-O 9.Qh4 d6 10.Rd1 Nbd7 1/2-1/2

[Event "12th American Continental"]
[Site "Medellin COL"]
[Date "2017.06.18"]
[Round "11.19"]
[White "Fernandez Reyes, Lisandro"]
[Black "Arenas Vanegas, David"]
[Result "1/2-1/2"]
[WhiteElo "2402"]
[BlackElo "2488"]
[EventDate "2017.06.10"]
[PlyCount "91"]

1.d4 g6 2.c4 Bg7 3.Nc3 d6 4.e4 e5 5.d5 Nd7 6.Bd3 Nc5 7.Bc2 a5 8.h3 Ne7 9.
Be3 b6 10.Nf3 O-O 11.g4 f5 12.gxf5 gxf5 13.Rg1 f4 14.Bxc5 bxc5 15.Ba4 Rf6 
16.h4 Rg6 17.Kd2 Rb8 18.b3 Bf6 19.Ng5 Bxg5 20.hxg5 Rg7 21.Qh5 Ng6 22.f3 
Bd7 23.Bxd7 Qxd7 24.Qg4 Qxg4 25.Rxg4 Kf7 26.Nb5 Ke8 27.a3 Ra8 28.Kc3 Kd7 
29.Rh1 Rag8 30.b4 axb4+ 31.axb4 Nh8 32.bxc5 dxc5 33.Rgh4 Nf7 34.Ra1 Nxg5 
35.Ra7 Rc8 36.Rh6 Rg6 37.Rxg6 hxg6 38.Ra6 Nxf3 39.Rxg6 Re8 40.Rc6 Rc8 41.
Rg6 Re8 42.Rc6 Rc8 43.Rxc5 Ng5 44.Kd3 Nf7 45.Kc3 Ng5 46.Rc6 1/2-1/2

[Event "12th American Continental"]
[Site "Medellin COL"]
[Date "2017.06.18"]
[Round "11.23"]
[White "Baules, Jorge"]
[Black "Panesso Rivera, Henry"]
[Result "1/2-1/2"]
[WhiteElo "2355"]
[BlackElo "2421"]
[EventDate "2017.06.10"]
[PlyCount "82"]

1.d4 d6 2.c4 Nf6 3.Nc3 g6 4.g3 Bg7 5.Nf3 Bf5 6.Bg2 Ne4 7.Nxe4 Bxe4 8.O-O 
O-O 9.Be3 d5 10.Qa4 Nd7 11.cxd5 Nb6 12.Qb3 Bxd5 13.Qc2 c6 14.Rad1 Nc4 15.
Bf4 Nd6 16.Ne5 Bxg2 17.Kxg2 Qa5 18.b3 g5 19.Bxg5 Bxe5 20.dxe5 Qxe5 21.Bf4 
Qe6 22.Rd4 Nb5 23.Re4 Qg6 24.f3 Nd4 25.Qc5 Ne6 26.Qe3 h5 27.Re5 Rfd8 28.
Bg5 Kf8 29.Bh4 Rd5 30.f4 Rxe5 31.Qxe5 Qg7 32.Qxh5 f6 33.Qf5 Kf7 34.Rd1 Nf8
35.Qh5+ Qg6 36.Qf3 Qc2 37.Qh5+ Ng6 38.f5 Qxd1 39.Qxg6+ Kf8 40.Qh6+ Kg8 41.
Qg6+ Kf8 1/2-1/2

[Event "12th American Continental"]
[Site "Medellin COL"]
[Date "2017.06.18"]
[Round "11.28"]
[White "Vittorino Ocampo, Carlo Giovanni"]
[Black "Gonzalez Acosta, Bernal Manuel"]
[Result "1/2-1/2"]
[WhiteElo "2257"]
[BlackElo "2494"]
[EventDate "2017.06.10"]
[PlyCount "22"]

1.Nf3 d5 2.c4 c6 3.e3 Nf6 4.Nc3 g6 5.Be2 Bg7 6.O-O O-O 7.d4 a6 8.Qb3 dxc4 
9.Bxc4 b5 10.Be2 Qc7 11.a4 Be6 1/2-1/2

[Event "12th American Continental"]
[Site "Medellin COL"]
[Date "2017.06.18"]
[Round "11.33"]
[White "Herrera Betancourt, Juan Sebastian"]
[Black "Mosquera Klinger, Miguel"]
[Result "1/2-1/2"]
[WhiteElo "2220"]
[BlackElo "2391"]
[EventDate "2017.06.10"]
[PlyCount "42"]

1.e4 e5 2.Nf3 Nc6 3.Bb5 g6 4.d4 exd4 5.Nxd4 Bg7 6.Be3 Nf6 7.Nc3 O-O 8.O-O 
Ne7 9.Qe2 d5 10.exd5 Nexd5 11.Nxd5 Nxd5 12.Rad1 Nxe3 13.Qxe3 Qd5 14.a4 Rd8
15.c3 c5 16.Nf3 Qxd1 17.Rxd1 Rxd1+ 18.Ne1 Be6 19.Kf1 c4 20.Qe4 a6 21.Qxb7 
Bd5 1/2-1/2

[Event "12th American Continental"]
[Site "Medellin COL"]
[Date "2017.06.18"]
[Round "11.39"]
[White "Palencia Morales, Wilson Guillermo"]
[Black "Salcedo Perez, Pablo Esteban"]
[Result "1/2-1/2"]
[WhiteElo "2343"]
[BlackElo "2103"]
[EventDate "2017.06.10"]
[PlyCount "91"]

1.d4 d5 2.Nc3 e6 3.e4 dxe4 4.Nxe4 Bd7 5.Nf3 Bc6 6.Bd3 Nf6 7.Bg5 Be7 8.Bxf6
gxf6 9.Qe2 Nd7 10.Bb5 Bxe4 11.Bxd7+ Qxd7 12.Qxe4 O-O-O 13.O-O-O Qa4 14.Kb1
Rd6 15.b3 Qd7 16.Rd3 f5 17.Qe3 Rd8 18.Ne5 Qe8 19.d5 Kb8 20.dxe6 fxe6 21.
Rxd6 cxd6 22.Nc4 Bf6 23.Re1 e5 24.Qd3 Qe6 25.Ne3 e4 26.Qd5 Qxd5 27.Nxd5 
Be5 28.g3 b5 29.f3 exf3 30.Rf1 Rf8 31.Rxf3 Bd4 32.Ne7 Kc7 33.Nxf5 Be5 34.
c3 Kd7 35.Kc2 Rc8 36.Kd2 Ke6 37.Nh4 Rc6 38.Re3 Ra6 39.Nf3 Rxa2+ 40.Kd3 Kd5
41.Nd2 a5 42.c4+ bxc4+ 43.Nxc4 
    ( 43.bxc4+ Kc5 )
43...Rxh2 44.Nxa5 Rg2 45.Nc4 Rxg3 46.Rxg3 1/2-1/2

[Event "12th American Continental"]
[Site "Medellin COL"]
[Date "2017.06.18"]
[Round "11.42"]
[White "Soto Gonzalez, Miguel Angel"]
[Black "Quintiliano Pinto, Renato Rodrigues"]
[Result "1/2-1/2"]
[WhiteElo "2072"]
[BlackElo "2483"]
[EventDate "2017.06.10"]
[PlyCount "79"]

1.e4 c5 2.Nf3 d6 3.d4 cxd4 4.Nxd4 Nf6 5.Nc3 a6 6.Be3 e5 7.Nf3 Be7 8.Bc4 
O-O 9.O-O Qc7 10.Bb3 Be6 11.Nh4 g6 12.Bh6 Re8 13.Qd2 Ng4 14.Bg5 Nf6 15.Bh6
Kh8 16.Nf3 Nc6 17.Nd5 Bxd5 18.Bxd5 Nd8 19.c3 Nxd5 20.Qxd5 Ne6 21.Rfd1 g5 
22.h3 Rg8 23.Nh2 Qc6 24.Ng4 Rg6 25.Qxc6 bxc6 26.Ne3 Rxh6 27.Nf5 Bf8 28.
Nxh6 Bxh6 29.Rxd6 c5 30.Rad1 Bf8 31.Rb6 c4 32.Rd5 Nc5 33.Rb4 Nd3 34.Rxc4 
Nxb2 35.Rc7 Na4 36.Ra5 Nxc3 37.Rxc3 Bb4 38.Rcc5 Bxa5 39.Rxa5 f6 40.Kf1 
1/2-1/2

[Event "12th American Continental"]
[Site "Medellin COL"]
[Date "2017.06.18"]
[Round "11.43"]
[White "Quinonez Garcia, Santiago"]
[Black "Lora Jaramillo, Joel Fernando"]
[Result "1/2-1/2"]
[WhiteElo "2379"]
[BlackElo "2193"]
[EventDate "2017.06.10"]
[PlyCount "60"]

1.e4 d6 2.d4 Nf6 3.Nc3 e5 4.Nf3 Nbd7 5.Bc4 Be7 6.O-O O-O 7.Qe2 c6 8.a4 Qc7
9.Rd1 b6 10.h3 Bb7 11.dxe5 dxe5 12.Bg5 Rad8 13.Bh4 h6 14.Bg3 g6 15.Rd2 
Rfe8 16.Rad1 Bc5 17.Nxe5 Rxe5 18.Qf3 Rf8 19.Rxd7 Nxd7 20.Qg4 Rg5 21.Bxc7 
Rxg4 22.Rxd7 Bc8 23.Rxf7 Rxg2+ 24.Kxg2 Rxf7 25.f4 Kf8 26.Bxf7 Kxf7 27.Be5 
a6 28.Ne2 b5 29.a5 Bd7 30.c3 Be7 1/2-1/2

[Event "12th American Continental"]
[Site "Medellin COL"]
[Date "2017.06.18"]
[Round "11.45"]
[White "Chumpitaz Carbajal, Ann"]
[Black "Arias Santana, Mauricio"]
[Result "1/2-1/2"]
[WhiteElo "2163"]
[BlackElo "2292"]
[EventDate "2017.06.10"]
[PlyCount "72"]

1.e4 e5 2.Nf3 Nc6 3.Bc4 Nf6 4.Ng5 d5 5.exd5 Na5 6.Bb5+ c6 7.dxc6 bxc6 8.
Bd3 Nd5 9.Nf3 Bd6 10.O-O Nf4 11.Nc3 Nxd3 12.cxd3 O-O 13.Qa4 Rb8 14.Re1 Rb4
15.Qc2 Bg4 16.Re3 f5 17.a3 Rf4 18.b4 Bxf3 19.Rxf3 Rxf3 20.gxf3 e4 21.dxe4 
Qh4 22.Kf1 Be5 23.bxa5 Bd4 24.Qb3+ Kh8 25.Ke2 Qxf2+ 26.Kd1 Qxf3+ 27.Kc2 
fxe4 28.Qc4 c5 29.Rb1 h6 30.Nd5 Qg2 31.Rb3 Qxh2 32.Ne3 Kh7 33.Qe6 Qh1 34.
a6 Rf6 35.Qe8 Rxa6 36.Nd5 Bf2 1/2-1/2

[Event "12th American Continental"]
[Site "Medellin COL"]
[Date "2017.06.18"]
[Round "11.46"]
[White "Mateus Urbano, Martha"]
[Black "Hernandez Montes, Jhon Sebastian"]
[Result "1/2-1/2"]
[WhiteElo "2138"]
[BlackElo "2292"]
[EventDate "2017.06.10"]
[PlyCount "34"]

1.e4 d6 2.d4 Nf6 3.Nc3 g6 4.h3 Bg7 5.Nf3 c6 6.g4 O-O 7.Bd3 Qc7 8.O-O Nbd7 
9.Be3 e5 10.Re1 Re8 11.dxe5 Nxe5 12.Be2 Nfd7 13.Bf4 Nb6 14.Bf1 Be6 15.Ng5 
Rad8 16.a4 Nc8 17.Nxe6 Rxe6 1/2-1/2

[Event "12th American Continental"]
[Site "Medellin COL"]
[Date "2017.06.18"]
[Round "11.49"]
[White "Noboa Silva, Kevin"]
[Black "Brito, Luismar"]
[Result "1/2-1/2"]
[WhiteElo "2129"]
[BlackElo "2250"]
[EventDate "2017.06.10"]
[PlyCount "75"]

1.d4 Nf6 2.c4 e6 3.Nc3 Bb4 4.e3 c5 5.Ne2 d5 6.cxd5 exd5 7.a3 cxd4 8.axb4 
dxc3 9.Nxc3 O-O 10.Be2 Nc6 11.b5 Ne5 12.Qd4 Re8 13.Rxa7 Rxa7 14.Qxa7 d4 
15.Qxd4 Qxd4 16.exd4 Nd3+ 17.Kd2 Nxf2 18.Rf1 N2g4 19.Bxg4 Nxg4 20.h3 Ne3 
21.Re1 Nc4+ 22.Kd1 Rd8 23.Kc2 Kf8 24.d5 f6 25.Bf4 Bd7 26.Kb3 Rc8 27.Re4 
Nb6 28.Be3 f5 29.Rh4 Nxd5 30.Nxd5 Be6 31.Rxh7 Bxd5+ 32.Ka3 Rc4 33.Rh8+ Bg8
34.Bd2 g6 35.Bc3 Re4 36.h4 Rg4 37.h5 Rxg2 38.hxg6 1/2-1/2

[Event "12th American Continental"]
[Site "Medellin COL"]
[Date "2017.06.18"]
[Round "11.52"]
[White "Soto, Cristian Camilo"]
[Black "Rodriguez Rivera, Pedro"]
[Result "1/2-1/2"]
[WhiteElo "2102"]
[BlackElo "2228"]
[EventDate "2017.06.10"]
[PlyCount "169"]

1.c4 e5 2.Nc3 Nc6 3.g3 g6 4.Bg2 d6 5.e3 Bg7 6.Nge2 Be6 7.b3 Qd7 8.Nd5 Nd8 
9.d4 c6 10.Ndc3 Bh3 11.O-O Bxg2 12.Kxg2 exd4 13.Nxd4 Ne7 14.Bb2 d5 15.Qf3 
Ne6 16.cxd5 Nxd5 17.Nxe6 fxe6 18.Rad1 Qf7 19.Nxd5 Bxb2 20.Nf4 O-O 21.Qe4 
Rae8 22.Rd2 Bg7 23.Rfd1 e5 24.Nd3 Qf5 25.Nc5 b6 26.g4 Qg5 27.Qc4+ Rf7 28.
Rd7 Qf6 29.Rxf7 Qxf7 30.Qxf7+ Kxf7 31.Ne4 Ke7 32.Rc1 Rc8 33.h4 Rc7 34.Kf3 
Bf8 35.Rh1 h6 36.h5 g5 37.Ng3 c5 38.Rc1 Ke6 39.Ke4 Rd7 40.Rc2 Rd1 41.Ne2 
a6 42.Nc3 Rd6 43.Na4 Rc6 44.Nb2 b5 45.Nd3 Bd6 46.Nb2 Rc7 47.f3 Rd7 48.a4 
Rb7 49.Nd3 Rc7 50.Rc3 Rc8 51.Nb2 Rd8 52.Rc2 Rb8 53.axb5 axb5 54.Rd2 Ra8 
55.Rc2 Ra3 56.Nd3 Rxb3 57.Nxc5+ Bxc5 58.Rxc5 Rb4+ 59.Kd3 Rb3+ 60.Kd2 Rb2+ 
61.Kc3 Rf2 62.Kd3 Rxf3 63.Ke4 Rg3 64.Rxe5+ Kf6 65.Rf5+ Ke6 66.Rxb5 Rxg4+ 
67.Kf3 Rh4 68.Rb6+ Kf5 69.Rxh6 g4+ 70.Kf2 Kg5 71.Rg6+ Kxh5 72.Rg8 Rh3 73.
e4 Rf3+ 74.Ke2 Rf7 75.Ke3 Kh4 76.e5 g3 77.e6 Rf6 78.Re8 Kh3 79.Rh8+ Kg2 
80.Re8 Kf1 81.Ra8 Rxe6+ 82.Kf3 g2 83.Ra1+ Re1 84.Rxe1+ Kxe1 85.Kxg2 
1/2-1/2

[Event "12th American Continental"]
[Site "Medellin COL"]
[Date "2017.06.18"]
[Round "11.54"]
[White "Castano Ortiz, Eder"]
[Black "Castrillon Gomez, Melissa"]
[Result "1/2-1/2"]
[WhiteElo "2029"]
[BlackElo "2210"]
[EventDate "2017.06.10"]
[PlyCount "61"]

1.d4 Nf6 2.Bf4 g6 3.e3 Bg7 4.Nf3 d6 5.Be2 O-O 6.h3 Nfd7 7.c4 e5 8.Bg3 Nc6 
9.Nc3 f5 10.Bh4 Bf6 11.Bxf6 Nxf6 12.dxe5 dxe5 13.Qxd8 Rxd8 14.Rd1 Rxd1+ 
15.Kxd1 e4 16.Nd4 Ne5 17.Kc2 c6 18.Rd1 Kf7 19.b4 Be6 20.Nxe6 Kxe6 21.a3 a5
22.Kb3 g5 23.Na4 Ned7 24.g4 fxg4 25.Bxg4+ Nxg4 26.hxg4 Rf8 27.Rd2 axb4 28.
axb4 b6 29.c5 bxc5 30.Nxc5+ Nxc5+ 31.bxc5 1/2-1/2

[Event "12th American Continental"]
[Site "Medellin COL"]
[Date "2017.06.18"]
[Round "11.56"]
[White "Florez Castro, Estiven"]
[Black "Arango Arenas, Juan Camilo"]
[Result "0-1"]
[WhiteElo "1820"]
[BlackElo "2198"]
[EventDate "2017.06.10"]
[PlyCount "74"]

1.d4 c5 2.d5 b5 3.e4 d6 4.Bf4 Bb7 5.a4 a6 6.Be2 Nf6 7.Nd2 g6 8.Ngf3 Qb6 9.
a5 Qc7 10.O-O Bg7 11.c3 O-O 12.h3 Nbd7 13.Qc2 c4 14.Be3 Nc5 15.Bd4 Rfe8 
16.Rfe1 e6 17.dxe6 Rxe6 18.Bxc5 dxc5 19.Bf1 Rae8 20.Ng5 R6e7 21.Re2 h6 22.
Ngf3 Nxe4 23.Rae1 Nxd2 24.Nxd2 Rxe2 25.Bxe2 Qxa5 26.Nf1 Qc7 27.Ne3 Be4 28.
Qc1 Qf4 29.Rd1 Qf6 30.Bf1 h5 31.g3 Qe5 32.Ng2 Qf6 33.Qd2 Bf3 34.Re1 Rxe1 
35.Nxe1 b4 36.cxb4 Qxb2 37.bxc5 Bd4 0-1

[Event "12th American Continental"]
[Site "Medellin COL"]
[Date "2017.06.18"]
[Round "11.61"]
[White "Markzon, Gregory"]
[Black "Gonzalez Rodriguez, Eleicer"]
[Result "0-1"]
[WhiteElo "2222"]
[BlackElo "2078"]
[EventDate "2017.06.10"]
[PlyCount "35"]

1.e4 c5 2.Nf3 e6 3.d4 cxd4 4.Nxd4 a6 5.Bd3 Qc7 6.Nd2 Nc6 7.Nxc6 bxc6 8.O-O
d5 9.c4 Nf6 10.f4 g6 11.e5 Nd7 12.Nf3 Bg7 13.Be3 O-O 14.Rc1 c5 15.cxd5 
exd5 16.f5 Nxe5 17.b4 Bf6 
    ( 17...Bh8 18.Nxe5 f6 19.Be4 dxe4 )
18.Nxe5 {illegible} 0-1

[Event "12th American Continental"]
[Site "Medellin COL"]
[Date "2017.06.18"]
[Round "11.69"]
[White "Valle Pinto, Efrain"]
[Black "Zabala Huertas, Fidel"]
[Result "1-0"]
[WhiteElo "2155"]
[BlackElo "1972"]
[EventDate "2017.06.10"]
[PlyCount "69"]

1.Nf3 d5 2.c4 d4 3.b4 g6 4.Bb2 Bg7 5.e3 e5 6.exd4 exd4 7.d3 Ne7 8.Be2 O-O 
9.O-O h5 10.Nbd2 Re8 11.Re1 a5 12.b5 a4 13.Bf1 c6 14.bxc6 Nbxc6 15.Ba3 Bg4
16.Rb1 Qd7 17.Ne4 Bxf3 18.Qxf3 Ne5 19.Qf4 Nf5 20.Nc5 Qd6 21.Bb4 Bh6 22.Qe4
Ng4 23.Qxe8+ Rxe8 24.Rxe8+ Kh7 25.g3 Qc6 26.Re4 Nd6 27.Rxd4 Nf5 28.Rd5 h4 
29.Bg2 hxg3 30.hxg3 Qf6 31.Ne4 Qb6 32.c5 Qe6 33.Bc3 Qxd5 34.Ng5+ Bxg5 35.
Bxd5 1-0

[Event "12th American Continental"]
[Site "Medellin COL"]
[Date "2017.06.18"]
[Round "11.70"]
[White "Munoz Monroy, Cinthya Carolina"]
[Black "Montenegro Mancera, Juan Rolando"]
[Result "1-0"]
[WhiteElo "2002"]
[BlackElo "2146"]
[EventDate "2017.06.10"]
[PlyCount "105"]

1.e4 e6 2.d4 d5 3.e5 c5 4.c3 Nc6 5.Nf3 Bd7 6.a3 c4 7.Nbd2 Na5 8.Be2 Ne7 9.
O-O Nc8 10.Rb1 Nb6 11.Ne1 Qc7 12.f4 O-O-O 13.Nef3 Ba4 14.Qe1 Bc2 15.Ra1 
Kb8 16.Bd1 Bf5 17.Nh4 Bd3 18.Rf3 Be7 19.b4 Nc6 20.a4 h6 21.a5 Nc8 22.f5 
Bxh4 23.Qxh4 exf5 24.Ba4 N6e7 25.Ba3 g5 26.Qe1 Rdg8 27.Nf1 g4 28.Rf2 Ng6 
29.Ng3 Nh4 30.Nh5 Be4 31.Nf6 Bxg2 32.Qe3 Be4 33.Nxg8 Rxg8 34.Qxh6 Nf3+ 35.
Kf1 Bd3+ 36.Kg2 Qd8 37.Qf6 Qxf6 38.exf6 Nxh2 39.Kg3 Nf3 40.Rh1 Nd6 41.b5 
Ne4+ 42.Kg2 Nxf2 43.Bd6+ Kc8 44.Kxf2 Ng5 45.Ke3 Ne4 46.Bb4 Nxf6 47.b6 axb6
48.axb6 g3 49.Bd6 g2 50.Rg1 Be4 51.Bb5 Ng4+ 52.Kf4 Rg6 53.Ra1 1-0

[Event "12th American Continental"]
[Site "Medellin COL"]
[Date "2017.06.18"]
[Round "11.71"]
[White "Rodriguez Arrieta, Maria Elena"]
[Black "Cardoso Cardoso, Jose Gabriel"]
[Result "1/2-1/2"]
[WhiteElo "1926"]
[BlackElo "2134"]
[EventDate "2017.06.10"]
[PlyCount "47"]

1.e4 c5 2.Nf3 d6 3.d4 cxd4 4.Nxd4 Nf6 5.Nc3 a6 6.Be2 e5 7.Nb3 Be7 8.O-O 
O-O 9.Be3 Be6 10.Qd2 Nbd7 11.f3 Qc7 12.a4 Rfd8 13.Rfd1 b6 14.Qe1 Nc5 15.
Nxc5 bxc5 16.b3 h6 17.Qf1 Rdb8 18.a5 Qc6 19.Bf2 Rb4 20.Na2 Rb7 21.Nc3 Bd8 
22.Kh1 Ne8 23.Bc4 Bxc4 24.Qxc4 1/2-1/2

[Event "12th American Continental"]
[Site "Medellin COL"]
[Date "2017.06.18"]
[Round "11.72"]
[White "Velasquez, Andres"]
[Black "Moran Reyes, Paulo"]
[Result "0-1"]
[WhiteElo "1731"]
[BlackElo "2129"]
[EventDate "2017.06.10"]
[PlyCount "96"]

1.e4 d6 2.d4 Nf6 3.Nc3 e5 4.Nf3 Nbd7 5.Bc4 Be7 6.O-O O-O 7.Re1 c6 8.a3 b5 
9.Bb3 a6 10.Bg5 Qc7 11.Ne2 h6 12.Bxf6 Bxf6 13.c3 Nb6 14.dxe5 dxe5 15.Ng3 
g6 16.Qe2 Rd8 17.Nf1 c5 18.c4 bxc4 19.Bxc4 Nxc4 20.Qxc4 Be6 21.Qc3 c4 22.
Red1 Rab8 23.Rxd8+ Rxd8 24.Rc1 Qb6 25.N1d2 Rd3 26.Qc2 Qb5 27.h3 Rd8 28.Qc3
Rc8 29.Nf1 Bg7 30.Ne3 f6 31.Nd2 Bf8 32.Nexc4 Bc5 33.Qc2 a5 34.a4 Qb4 35.b3
Bd4 36.Qd3 Rb8 37.Ne3 Rd8 38.Nd5 Bxd5 39.exd5 f5 40.Rc7 Bxf2+ 41.Kh1 Qd6 
42.Rc6 Qxc6 43.dxc6 Rxd3 44.c7 Rc3 45.Nc4 Rc1+ 46.Kh2 Bg1+ 47.Kg3 Rc3+ 48.
Kh4 Bf2+ 0-1

[Event "12th American Continental"]
[Site "Medellin COL"]
[Date "2017.06.18"]
[Round "11.73"]
[White "Estrada Nieto, Julian"]
[Black "Lopez Ramirez, Jorge Hernan"]
[Result "1-0"]
[WhiteElo "2263"]
[BlackElo "1963"]
[EventDate "2017.06.10"]
[PlyCount "43"]

1.e4 d5 2.exd5 Qxd5 3.Nc3 Qa5 4.d4 Nf6 5.Nf3 Bf5 6.Bc4 e6 7.Bd2 c6 8.Nd5 
Qd8 9.Nxf6+ Qxf6 10.c3 Bg4 11.Be2 Nd7 12.Qb3 b6 13.Qa4 Rc8 14.Qxa7 e5 15.
Ba6 e4 16.Bxc8 exf3 17.O-O-O fxg2 18.Rhe1+ Kd8 19.Bxd7 Bxd7 20.Qb8+ Bc8 
21.Bf4 Be7 22.Qc7+ 1-0

[Event "12th American Continental"]
[Site "Medellin COL"]
[Date "2017.06.18"]
[Round "11.75"]
[White "Oussedik, Elias"]
[Black "Arboleda Orozco, Juan Manuel"]
[Result "1-0"]
[WhiteElo "2155"]
[BlackElo "1927"]
[EventDate "2017.06.10"]
[PlyCount "97"]

1.d4 Nf6 2.c4 c5 3.d5 g6 4.Nc3 d6 5.e4 Bg7 6.Bd3 O-O 7.h3 e6 8.Nf3 exd5 9.
cxd5 b5 10.Nxb5 Nxe4 11.O-O a6 12.Na3 Nf6 13.Nc4 Bb7 14.Bf4 Bxd5 15.Bxd6 
Re8 16.Bxc5 Nbd7 17.Ba3 Rb8 18.Nd6 Bxf3 19.Qxf3 Ne5 20.Qd1 Re6 21.Bc4 Rxd6
22.Bxd6 Nxc4 23.Bxb8 Qxb8 24.b3 Ne5 25.Re1 Nh5 26.Re4 Nd3 27.Qe2 Nf6 28.
Rd4 Nc5 29.Rc4 Ncd7 30.Rac1 Nb6 31.Rc6 Nfd5 32.Qxa6 Bf8 33.a4 Qf4 34.Qe2 
Nb4 35.R6c3 N4d5 36.R3c2 Bd6 37.g3 Qb4 38.Rc6 Be7 39.Qd3 Bf6 40.R6c5 Bd4 
41.Rb5 Qa3 42.Rd1 Nc3 43.Rxb6 Bxf2+ 44.Kxf2 Nxd1+ 45.Ke2 Nb2 46.Qd4 Qe7+ 
47.Kd2 Qc7 48.Rd6 Qa5+ 49.Kc2 1-0

[Event "12th American Continental"]
[Site "Medellin COL"]
[Date "2017.06.18"]
[Round "11.77"]
[White "Remicio Duque, John"]
[Black "Agudelo, Carlos Daniel"]
[Result "0-1"]
[WhiteElo "2110"]
[BlackElo "1924"]
[EventDate "2017.06.10"]
[PlyCount "58"]

1.e4 g6 2.d4 Bg7 3.f4 
    ( 3.Bf4 d6 4.Nf3 e5 )
3...d6 4.Nf3 c5 5.Bb5+ Bd7 6.Bxd7+ Qxd7 7.O-O Nc6 8.Be3 Nf6 9.Nc3 cxd4 10.
Nxd4 Ng4 11.Nxc6 Nxe3 12.Qd3 Nxf1 13.Nd4 Nxh2 14.Kxh2 O-O 15.Rf1 e5 16.
Ndb5 exf4 17.Nd5 Be5 18.Kg1 Kh8 19.c3 f5 20.Nd4 fxe4 21.Qxe4 Rae8 22.Rf3 
Qg7 23.Qd3 Qf7 24.c4 Qg7 25.Nb5 g5 26.Nbc7 g4 27.Nxe8 Rxe8 28.Rxf4 Bxf4 
29.Nxf4 g3 0-1

[Event "12th American Continental"]
[Site "Medellin COL"]
[Date "2017.06.18"]
[Round "11.78"]
[White "Holliman, Bob"]
[Black "Saltos Velez, Adrian"]
[Result "1/2-1/2"]
[WhiteElo "1898"]
[BlackElo "2099"]
[EventDate "2017.06.10"]
[PlyCount "23"]

1.d4 Nf6 2.Bf4 g6 3.e3 Bg7 4.Nf3 O-O 5.h3 d6 6.Be2 a6 7.a4 Nbd7 8.Nbd2 b6 
9.O-O Bb7 10.c3 Rc8 11.a5 c5 12.axb6 1/2-1/2

[Event "12th American Continental"]
[Site "Medellin COL"]
[Date "2017.06.18"]
[Round "11.79"]
[White "Sanchez, Jorge"]
[Black "Guerrero Avila, Hernando"]
[Result "1/2-1/2"]
[WhiteElo "2092"]
[BlackElo "1893"]
[EventDate "2017.06.10"]
[PlyCount "64"]

1.e4 d5 2.exd5 Qxd5 3.Nc3 Qd6 4.Nf3 Nf6 5.Be2 Bg4 6.d3 c6 7.O-O Nbd7 8.Be3
e5 9.h3 Bh5 10.Ng5 Bg6 11.Nge4 Qc7 12.a4 Bb4 13.Qc1 O-O 14.Bf3 Nd5 15.Bd2 
Nxc3 16.Nxc3 Be7 17.a5 a6 18.Re1 Rfe8 19.Na4 Rad8 20.Bc3 Bd6 21.Nb6 Nxb6 
22.axb6 Qd7 23.Ra5 f6 24.Bg4 Qe7 25.Ra4 Bc5 26.Ba5 Rd4 27.Rxd4 Bxd4 28.Re2
Qd8 29.Qe1 Bxb6 30.Bd2 
    ( 30.Qd2 Bc7 )
30...Bc7 31.Be3 Qd5 32.g3 f5 1/2-1/2

[Event "12th American Continental"]
[Site "Medellin COL"]
[Date "2017.06.18"]
[Round "11.80"]
[White "Fuentes Godoy, Lilia Ivonne"]
[Black "Parmet, Daniel Edward"]
[Result "1-0"]
[WhiteElo "2088"]
[BlackElo "1870"]
[EventDate "2017.06.10"]
[PlyCount "45"]

1.d4 d5 2.c4 c6 3.Nd2 Nf6 4.Ngf3 Bf5 5.Nh4 Be4 6.f3 Bg6 7.Qb3 Qc7 8.g3 
    ( 8.e3 Nbd7 9.Be2 )
8...Nbd7 
    ( 8...e5 9.Qe3 )
9.Bg2 e5 10.Qe3 O-O-O 11.Bh3 exd4 12.Qxd4 Bc5 13.Qxc5 Kb8 14.Bxd7 Qxd7 15.
O-O Qh3 16.Nb3 Nh5 17.Ng2 dxc4 18.Qxc4 Rhe8 19.g4 b5 20.Qxc6 Rxe2 21.Qxb5+
Kc8 22.Qxe2 Bd3 23.Qf2 1-0

[Event "12th American Continental"]
[Site "Medellin COL"]
[Date "2017.06.18"]
[Round "11.83"]
[White "Dominguez Rincon, Miller"]
[Black "Ruiz Agudelo, Santiago"]
[Result "1-0"]
[WhiteElo "2066"]
[BlackElo "1870"]
[EventDate "2017.06.10"]
[PlyCount "76"]

1.e4 c5 2.Nf3 d6 3.d4 cxd4 4.Nxd4 Nf6 5.Nc3 a6 6.h3 e5 7.Nde2 Be7 8.Be3 
Be6 9.g4 O-O 10.g5 Ne8 11.Qd2 Nd7 12.O-O-O b5 13.h4 b4 14.Nd5 Bxd5 15.exd5
a5 16.h5 Rb8 17.g6 a4 18.h6 fxg6 19.Bh3 Bf6 20.Be6+ Kh8 21.hxg7+ Nxg7 22.
Qd3 Nf5 23.Ng3 Nh4 24.Ne4 Nb6 25.Rh2 b3 26.cxb3 axb3 27.a3 Na8 28.Rdh1 Be7
29.Qd1 Nc7 30.Qg4 Nxe6 31.dxe6 d5 32.Bg5 dxe4 33.Bxe7 Qxe7 34.Rxh4 Qc5+ 
35.Kb1 Rxf2 36.Rxh7+ Kg8 37.Rh8+ Kg7 38.R1h7+ Kf6 1-0

[Event "12th American Continental"]
[Site "Medellin COL"]
[Date "2017.06.18"]
[Round "11.84"]
[White "Vallejo, Humberto"]
[Black "Rodriguez Cortes, Giovanni"]
[Result "0-1"]
[WhiteElo "2059"]
[BlackElo "1772"]
[EventDate "2017.06.10"]
[PlyCount "56"]

1.e4 c5 2.Nf3 Nf6 3.e5 Nd5 4.a4 Nc6 5.Bc4 e6 6.O-O Nb6 7.Be2 Qc7 8.c4 a5 
9.Qb3 Ra6 10.Qe3 d5 11.Na3 Nxc4 12.Bxc4 dxc4 13.Nb5 Qd8 14.Qf4 Be7 15.Qxc4
O-O 16.Ra3 Nb4 17.d4 Rc6 18.dxc5 Rxc5 19.Qg4 f5 20.Qh5 Nd3 21.Bg5 Bxg5 22.
Nxg5 h6 23.Nh3 Rxe5 24.f4 Re3 25.Kh1 Bd7 26.Nd6 Bc6 27.Nc4 Rxh3 28.Qe2 Qh4
0-1